| 000 | 00704nam a22002297a 4500 | ||
|---|---|---|---|
| 999 |
_c3023 _d3023 |
||
| 003 | AR-CdUCM | ||
| 008 | 190305b ||||| |||| 00| 0 spa d | ||
| 040 |
_aMUNICIPALIDAD PROVINCIAL DEL CUSCO _cBIBLIOTECA MUNICIPAL DEL CUSCO |
||
| 041 | _heng. | ||
| 082 |
_a869.4 / _bP19 |
||
| 100 |
_aPaloczi Horvath, George _910304 |
||
| 245 | _aEl escritor y el comisario / | ||
| 260 |
_aMéxico : _bEdit. Novaro México, _c1964. |
||
| 300 |
_a123 paginas ; _c16 cm. |
||
| 505 | _aContenido :Cuento literario / | ||
| 650 |
_aLiteratura latinoamericana _91143 |
||
| 650 |
_aCuentos _9312 |
||
| 650 |
_aEnsayos _9375 |
||
| 700 |
_aTomas J. Avendaño (traductor) _910305 |
||
| 942 |
_2ddc _cLIBROS |
||
| 945 | _arjall | ||